[Event "BL2-N9899"]
[Site "Germany"]
[Date "1999.01.10"]
[Round "4.4"]
[White "Murdzia, Piotr"]
[Black "Meier, Volker"]
[Result "1/2-1/2"]
[WhiteElo "2405"]
[BlackElo "2335"]

1.d4 Nf6 2.c4 e6 3.Nf3 b6 4.g3 Ba6 5.b3 b5 6.cxb5 Bxb5 7.Bg2 Bc6 8.O-O Be7
9.Nc3 O-O 10.Bg5 Bxf3 11.Bxf3 d5 12.Rc1 c6 13.Na4 Nfd7 14.Bxe7 Qxe7 15.Qd2 a5
16.Rc2 Qb4 17.Rfc1 Ra7 18.e3 Rc8 19.Be2 Qxd2 20.Rxd2 Kf8 21.f3 Ke7 22.Rdc2 Rd8
23.Kf2 f5 24.h4 Kd6 25.Bd3 Rf8 26.Rc3 g6 27.Be2 Rc7 28.R3c2 Rb7 29.Kg2 Re8
30.Rd2 e5 31.Kf2 e4 32.f4 h5 33.Rdc2 Ra7 34.Ke1 Rc8 35.Kd2 Na6 36.a3 Nab8
37.Kc3 Na6 38.Kb2 Nab8 39.Nc3 Rb7 40.Na4 Ra7 41.Rc3 Na6 42.Ka2 Nab8 43.R3c2 Rcc7
44.Rb2 Rcb7 45.Bd1 Na6 46.Rbc2 Nab8 47.Rc3 Ra8 48.Be2  1/2-1/2

[Event "Hamburg IM"]
[Site "Hamburg"]
[Date "1999.01.12"]
[Round "1"]
[White "Buhr, Carl Christian"]
[Black "Gustafsson, Jan"]
[Result "1-0"]
[WhiteElo "2320"]
[BlackElo "2410"]

1.d4 Nf6 2.c4 e6 3.Nf3 b6 4.g3 Ba6 5.Nbd2 Bb4 6.Qc2 Bb7 7.Bg2 Be4 8.Qd1 O-O
9.O-O Bxd2 10.Qxd2 d6 11.b3 Nbd7 12.Bb2 Qe7 13.Rfe1 Rfd8 14.Rad1 a5 15.Qc3 c5
16.Nh4 Bxg2 17.Nxg2 cxd4 18.Qxd4 Nc5 19.Ne3 e5 20.Qh4 Qe6 21.Nd5 Nxd5 22.Rxd5 f6
23.Ba3 Qf5 24.e4 Qe6 25.Qh5 Rd7 26.Re3 Rf8 27.Bxc5 bxc5 28.Red3 g6 29.Qd1 Rfd8
30.Qd2 f5 31.Qxa5 fxe4 32.Re3 Rf8 33.Qe1 g5 34.Rxe4 Rf6 35.Qd2 Qf5 36.Rexe5 dxe5
37.Rxd7 Qb1+ 38.Kg2 Qe4+ 39.Kg1 Qb1+ 40.Qd1 Qxa2 41.Rd2 Qa5 42.Re2 Rf5 43.Qd5+ Kg7
44.Qd7+ Rf7 45.Qd6 Qa1+ 46.Kg2 Rf5 47.Qxc5 Qa8+ 48.Qd5  1-0

[Event "ISR-chT"]
[Site "Israel"]
[Date "1999.01.15"]
[Round "2"]
[White "Zoler, Dan"]
[Black "Gershon, Alik"]
[Result "1-0"]
[WhiteElo "2524"]
[BlackElo "2467"]

1.d4 Nf6 2.c4 e6 3.Nf3 b6 4.g3 Ba6 5.Nbd2 c5 6.Bg2 Nc6 7.dxc5 Bxc5 8.a3 Be7
9.b4 Bb7 10.O-O O-O 11.Bb2 Rc8 12.e4 d6 13.Qe2 a5 14.b5 Nb8 15.e5 dxe5 16.Nxe5 Bxg2
17.Kxg2 Qc7 18.Ndf3 Nfd7 19.Rad1 Bf6 20.Nxd7 Nxd7 21.Bxf6 Nxf6 22.Ne5 Qc5
23.Rd3 Rfd8 24.Rfd1 Rxd3 25.Rxd3 h6 26.f4 h5 27.h3 g6 28.Qf3 Qc7 29.Nc6 Re8
30.Qe3 h4 31.g4 Nd7 32.Qd4 Nc5 33.Re3 Qd7 34.Qxd7 Nxd7 35.g5 Nb8 36.c5 Nxc6
37.bxc6 bxc5 38.Rc3 Rc8 39.Rxc5 Kf8 40.Kf3 Ke7 41.Kg4 Ra8 42.c7 Kd7 43.Kxh4 Rc8
44.Rxa5 Rxc7 45.a4 Ke7 46.Ra8 e5 47.a5 exf4 48.a6 Ke6 49.Kg4 Ke5 50.Re8+ Kd5
51.Re1 Ra7 52.Ra1 Ke4 53.Ra4+ Ke3 54.Rxf4 Rxa6 55.Rxf7 Ra4+ 56.Kg3 Ra5 57.Re7+ Kd2
58.Kf4 Ra4+ 59.Re4 Ra1 60.Re6 Rf1+ 61.Kg4  1-0

[Event "BL2-O9899"]
[Site "Germany"]
[Date "1999.01.31"]
[Round "5.8"]
[White "Sandner, Gunter"]
[Black "Seuffert, Gabriel"]
[Result "1/2-1/2"]
[WhiteElo "2345"]
[BlackElo "2220"]

1.d4 Nf6 2.Nf3 e6 3.c4 b6 4.g3 Ba6 5.Qa4 c5 6.Bg2 Bb7 7.O-O cxd4 8.Nxd4 Bxg2
9.Kxg2 Qc8 10.Rd1 Qb7+ 11.f3 a6 12.b3 Bc5 13.Nc3 O-O 14.Bg5 Be7 15.Ne4 Rc8
16.Nxf6+ gxf6 17.Bh6 f5 18.Rac1 Nc6 19.Nxc6 Rxc6 20.Rd3 d6 21.Qb4 f6 22.Qd2 Rac8
23.Kh1 b5 24.Qf4 bxc4 25.bxc4 d5 26.Rb3 Qc7 27.Qe3 Kf7 28.Rcb1 Rxc4 29.Qd3 Qc5
30.g4 Qd4 31.gxf5 Qxd3 32.Rxd3 Rh4 33.Bd2 Bd6 34.Rb7+ Rc7 35.fxe6+ Kxe6 36.Rb6 Rxh2+
37.Kg1 Rg7+ 38.Kf1 Rh1+ 39.Kf2 Rh2+ 40.Ke3 Rgg2 41.Kd4 Rh4+ 42.e4 dxe4 43.fxe4 Kd7
44.Rb7+ Ke6 45.Rb6 Ke7 46.Rb7+ Ke6  1/2-1/2

[Event "BL2-N9899"]
[Site "Germany"]
[Date "1999.01.31"]
[Round "5.3"]
[White "Pieniazek, Artur"]
[Black "Meier, Volker"]
[Result "1-0"]
[WhiteElo "2400"]
[BlackElo "2335"]

1.d4 Nf6 2.c4 e6 3.Nf3 b6 4.g3 Ba6 5.b3 b5 6.cxb5 Bxb5 7.Bg2 Bc6 8.O-O Be7
9.Nc3 O-O 10.Bb2 Qc8 11.Re1 Qb7 12.e4 Bb4 13.Nd2 d5 14.e5 Nfd7 15.Rc1 a5
16.a3 Be7 17.Qc2 Rc8 18.Bf1 Nf8 19.h4 Be8 20.Ne2 Na6 21.Nf4 c5 22.Qd1 a4
23.Re3 cxd4 24.Bxd4 Bxa3 25.Rxc8 Rxc8 26.bxa4 Bc5 27.Nf3 Bxd4 28.Nxd4 Nc5
29.Nb5 Ra8 30.Nd6 Qb4 31.Nxe8 Rxe8 32.Bb5 Ra8 33.Nd3 Nxd3 34.Qxd3 Rc8 35.Kg2 Ng6
36.h5 Ne7 37.Qa3 Qxa3 38.Rxa3 Rc5 39.Rb3 f6 40.exf6 gxf6 41.a5 Rc7 42.a6 Kf7
43.Bd3 Kg7 44.Rb6 e5 45.Bb5 Kf7 46.Rb7 Rc3 47.a7 Ra3 48.Bc6  1-0

[Event "BL2-O9899"]
[Site "Germany"]
[Date "1999.01.31"]
[Round "5.3"]
[White "Arnold, Johannes"]
[Black "Schaller, Sven"]
[Result "1-0"]
[WhiteElo "2325"]
[BlackElo "2345"]

1.d4 Nf6 2.c4 e6 3.Nf3 b6 4.g3 Ba6 5.b3 Bb4+ 6.Bd2 Be7 7.Bg2 c6 8.Bc3 d5
9.Nbd2 Nbd7 10.O-O O-O 11.Re1 Bb7 12.b4 dxc4 13.Nxc4 Nd5 14.Qb3 N7f6 15.a3 Nxc3
16.Qxc3 a5 17.bxa5 b5 18.Nb6 Nd5 19.Qb2 Rxa5 20.Nxd5 cxd5 21.a4 b4 22.Ne5 Qa8
23.e3 Rc8 24.Bf1 f6 25.Nd3 Rxa4 26.Nf4 b3 27.Qxb3 Rxa1 28.Rxa1 Qxa1 29.Qxb7 Rc1
30.Qxe7 Rxf1+ 31.Kg2 Rg1+ 32.Kh3 Qf1+ 33.Kg4 h6 34.Nxe6 f5+ 35.Kh4 Rxg3 36.fxg3 g5+
37.Kh5  1-0

[Event "Yangon schev"]
[Site "Yangon"]
[Date "1999.01.31"]
[Round "1"]
[White "Win Zaw Tun"]
[Black "Aung Thant Zin"]
[Result "0-1"]
[WhiteElo "2503"]
[BlackElo "2410"]

1.d4 Nf6 2.c4 e6 3.Nf3 b6 4.g3 Ba6 5.Qa4 Be7 6.Bg2 Bb7 7.Nc3 O-O 8.Qc2 Bb4
9.Bd2 Bxc3 10.Bxc3 Be4 11.Qd2 d5 12.b3 Nbd7 13.O-O Qc8 14.Rac1 Re8 15.Qf4 Qb7
16.Bb2 Rac8 17.g4 Qa6 18.cxd5 Qxe2 19.dxe6 fxe6 20.Bc3 Nd5 21.Qg3 Qxa2 22.Rfe1 Bxf3
23.Bxf3 Qxb3 24.Be4 N7f6 25.Bd3 Nxc3 26.Rxc3 Qb4 27.Rd1 Qd6 28.Qh4 Qf4 29.h3 c5
30.Rc4 Qf3 31.Rcc1 cxd4 32.Bb5 Rf8 33.Ra1 Rc5 34.Bd3 Rc3 35.Bf1 Qf4 36.Rxa7 e5
37.Re7 h5 38.Ra1 g5  0-1

[Event "HUN-ch (Women)"]
[Site "Lillafured"]
[Date "1999.02.01"]
[Round "1"]
[White "Horvath, Julia"]
[Black "Lakos, Nikoletta"]
[Result "0-1"]
[WhiteElo "2248"]
[BlackElo "2346"]

1.d4 Nf6 2.c4 e6 3.Nf3 b6 4.g3 Ba6 5.b3 Bb7 6.Bg2 Bb4+ 7.Bd2 a5 8.O-O O-O
9.a3 Be7 10.Bc3 Ne4 11.Bb2 d5 12.Nbd2 c5 13.cxd5 Bxd5 14.Nxe4 Bxe4 15.dxc5 bxc5
16.Qc1 Qb6 17.Qe3 Qb7 18.Rfc1 Bd5 19.Rab1 Nd7 20.b4 axb4 21.axb4 cxb4 22.Qf4 Rac8
23.h4 Rxc1+ 24.Rxc1 Bf6 25.Bxf6 Nxf6 26.g4 b3 27.Rb1 b2 28.Qd4 Rb8 29.g5 Nd7
30.h5 Qb4 31.Qa7 Be4 32.Rxb2 Qxb2 33.Qxd7 Qb5 34.Qd6 Bxf3 35.Bxf3 Qxg5+ 36.Kh2 Qh4+
37.Kg2 Rd8 38.Qc7 Qg5+ 39.Kh2 g6 40.hxg6 hxg6 41.Qb6 Kg7 42.Qb2+ e5  0-1

[Event "HUN-ch"]
[Site "Lillafured"]
[Date "1999.02.01"]
[Round "1"]
[White "Gyimesi, Zoltan"]
[Black "Farago, Ivan"]
[Result "1/2-1/2"]
[WhiteElo "2529"]
[BlackElo "2533"]

1.d4 Nf6 2.c4 e6 3.Nf3 b6 4.g3 Ba6 5.b3 Bb4+ 6.Bd2 Be7 7.Bg2 d5 8.cxd5 exd5
9.O-O O-O 10.Nc3 Bb7 11.Rc1 Na6 12.Ne5 Re8 13.Bg5 Ne4 14.Bxe7 Qxe7 15.e3 c5
16.Nd3 cxd4 17.exd4 Rac8 18.Nb5 Rxc1 19.Qxc1 Nb4 20.Bxe4 dxe4 21.Nxb4 Qxb4
22.Qc7 Qxb5 23.Qxb7 Qb4 24.Qd7 Qe7 25.Qxe7 Rxe7  1/2-1/2

[Event "Nova Gorica op"]
[Site "Nova Gorica"]
[Date "1999.02.01"]
[Round "5"]
[White "Laketic, Gojko"]
[Black "Cvitan, Ognjen"]
[Result "1-0"]
[WhiteElo "2396"]
[BlackElo "2521"]

1.d4 Nf6 2.c4 e6 3.Nf3 b6 4.g3 Ba6 5.Qb3 Nc6 6.Bd2 Ne4 7.Bg2 Be7 8.O-O O-O
9.Qa4 Bb7 10.d5 Nb8 11.Nc3 Nc5 12.Qc2 a5 13.Rad1 Nba6 14.Be3 Bf6 15.a3 Re8
16.Nd4 Qe7 17.Ndb5 d6 18.Rb1 Bxc3 19.Nxc3 e5 20.b4 axb4 21.axb4 Nd7 22.Bd2 Nf6
23.Rfc1 h6 24.e4 Rf8 25.Nd1 Bc8 26.Ra1 Bb7 27.Ne3 Kh7 28.Ra3 Nb8 29.Rxa8 Bxa8
30.b5  1-0

[Event "HUN-ch (Women)"]
[Site "Lillafured"]
[Date "1999.02.04"]
[Round "4"]
[White "Decsey, Katalin"]
[Black "Medvegy, Nora"]
[Result "1/2-1/2"]
[WhiteElo "2096"]
[BlackElo "2294"]

1.d4 Nf6 2.c4 e6 3.Nf3 b6 4.g3 Ba6 5.b3 Bb7 6.Bg2 Bb4+ 7.Bd2 a5 8.O-O O-O
9.Qc2 d6 10.Rd1 Nbd7 11.Ne1 Bxg2 12.Nxg2 Qb8 13.a3 Bxd2 14.Nxd2 Qb7 15.e4 c5
16.d5 exd5 17.exd5 a4 18.bxa4 Qa6 19.Ne3 g6 20.Rdb1 Rfe8 21.Nd1 Ne5 22.Nb2 Qc8
23.Kg2 Qg4 24.Re1 Nh5 25.Qe4 Qd7 26.Qc2 Re7 27.h3 Rae8 28.Re3 f5 29.Rae1 f4
30.Re4 Rf8 31.Nd3 fxg3 32.fxg3 Ref7 33.R1e2 Nxd3 34.Qxd3 Qd8 35.R4e3 Nf6
36.Qb3 Nd7 37.Qd3 Qa8 38.Nf3 Rf5 39.Qc3 Qa5 40.Qxa5 bxa5 41.Rb2 h5 42.Nh4 R5f6
43.Nf3 Rf5 44.Nh4 R5f6 45.Nf3  1/2-1/2

[Event "HUN-ch"]
[Site "Lillafured"]
[Date "1999.02.05"]
[Round "5"]
[White "Chernin, Alexander"]
[Black "Sax, Gyula"]
[Result "1/2-1/2"]
[WhiteElo "2604"]
[BlackElo "2524"]

1.d4 Nf6 2.c4 e6 3.Nf3 b6 4.g3 Ba6 5.b3 Bb4+ 6.Bd2 Be7 7.Bg2 c6 8.O-O d5
9.Ne5 Nfd7 10.Nxd7 Nxd7 11.Bc3 O-O 12.Nd2 Rb8 13.Bb2 Nf6 14.Rc1 c5 15.cxd5 exd5
16.Re1 Re8 17.e3 Rc8 18.dxc5 bxc5 19.Qc2 Qd7 20.Nf3 Ne4 21.Ne5 Qe6 22.Nd3 Bxd3
23.Qxd3 Bf6 24.Bxf6 Nxf6 25.Red1 Red8 26.Rd2 h6 27.Qb5 Qb6 28.Qxb6 axb6 29.Rcd1 Rc7
30.Bxd5 Rcd7 31.e4 Kf8 32.Rd3  1/2-1/2

[Event "Budapest FS02 GM"]
[Site "Budapest"]
[Date "1999.02.08"]
[Round "3"]
[White "Lukacs, Peter"]
[Black "Horvath, Csaba"]
[Result "1/2-1/2"]
[WhiteElo "2467"]
[BlackElo "2524"]

1.d4 Nf6 2.c4 e6 3.Nf3 b6 4.g3 Ba6 5.b3 Bb4+ 6.Bd2 Be7 7.Bg2 c6 8.Bc3 d5
9.Nbd2 O-O 10.O-O Nbd7 11.Re1 c5 12.e4 dxe4 13.Nxe4 Nxe4 14.Rxe4 Bb7 15.Re3 Bf6
16.dxc5 Bxc3 17.Rxc3 Nxc5 18.b4 Qf6  1/2-1/2

[Event "HUN-ch (Women)"]
[Site "Lillafured"]
[Date "1999.02.08"]
[Round "8"]
[White "Goczo, Melinda"]
[Black "Medvegy, Nora"]
[Result "0-1"]
[WhiteElo "2172"]
[BlackElo "2294"]

1.d4 Nf6 2.Nf3 e6 3.c4 b6 4.g3 Ba6 5.b3 b5 6.Bg2 bxc4 7.Ne5 Bb4+ 8.Kf1 d5
9.bxc4 O-O 10.Bb2 Bd6 11.cxd5 exd5 12.Nc3 c6 13.Bf3 Nfd7 14.Nd3 Nb6 15.Rb1 N8d7
16.Kg2 f5 17.h4 Qf6 18.Qc2 Rac8 19.Rbd1 f4 20.g4 Qf7 21.Bc1 Qg6 22.a3 Bc4
23.Nb4 Qxc2 24.Nxc2 Bb3 25.Rd2 Nc4 26.Nb4 Nxd2 27.Bxd2 Nb8 28.Rb1 Bc4 29.Nc2 Rf7
30.g5 Nd7 31.Nb4 Nb8 32.Nc2 Re7 33.Bh5 g6 34.Bg4 Na6 35.Bf3 Rb8 36.Rxb8+ Nxb8
37.Nb4 a5 38.Nxc6 Nxc6 39.Nxd5 Nxd4 40.Nxe7+ Bxe7 41.Bxa5 Bxa3 42.Bd2 Bd6
43.e4 fxe3 44.fxe3 Nxf3 45.Kxf3 Bb3 46.Be1 Kf7 47.e4 Bd1+ 48.Ke3 Ke6 49.Kd4 Bc7
50.Kd3 Bb6 51.Bg3 Bf3 52.Be1 Bg2 53.Bg3 Bf1+ 54.Kd2 Bc5 55.Kc3 Be3 56.Kc2 Kd7  0-1

[Event "Budapest FS02 IM"]
[Site "Budapest"]
[Date "1999.02.14"]
[Round "9"]
[White "Kjetzae, Johnny"]
[Black "Mohammed, A."]
[Result "0-1"]
[WhiteElo "2225"]
[BlackElo "2245"]

1.d4 Nf6 2.c4 e6 3.Nf3 b6 4.g3 Ba6 5.b3 d5 6.Bg2 c6 7.O-O Be7 8.Ne5 Nfd7
9.Nxd7 Qxd7 10.Nd2 Bf6 11.Bb2 c5 12.cxd5 exd5 13.Re1 O-O 14.e4 Nc6 15.e5 Be7
16.dxc5 Bxc5 17.Ne4 Bb4 18.Bc3 Rad8 19.Bxb4 Nxb4 20.Ng5 Qf5 21.Nf3 Nd3 22.Re2 d4
23.Nh4 Qd7 24.f4 Nc5 25.Rd2 d3 26.Kh1 Bb7 27.Qe1 Bxg2+ 28.Nxg2 Qd4 29.Rad1 Ne4  0-1

[Event "Goodricke 10th op"]
[Site "Calcutta"]
[Date "1999.02.14"]
[Round "9"]
[White "Suvrajit, Saha"]
[Black "Ravi, Thandalam Shanmugam"]
[Result "1/2-1/2"]
[WhiteElo "2335"]
[BlackElo "2335"]

1.d4 Nf6 2.c4 e6 3.Nf3 b6 4.g3 Ba6 5.b3 Bb4+ 6.Bd2 Be7 7.Bg2 c6 8.Bc3 d5
9.Ne5 Nfd7 10.Nxd7 Nxd7 11.Nd2 Rc8 12.e4 O-O 13.O-O c5 14.exd5 exd5 15.dxc5 dxc4
16.c6 cxb3 17.Re1 b2 18.Bxb2 Nc5 19.Nb3 Nd3 20.Re2 Nxb2 21.Rxb2 Qxd1+ 22.Rxd1 Bf6
23.Nd4 Rfd8 24.Rbd2 Kf8 25.a4 Bxd4 26.Rxd4 Rxd4 27.Rxd4 Rc7 28.f4 Bc8 29.Kf2 Be6
30.Ke3 Ke7 31.a5 Rc8 32.Rb4 Rb8 33.c7 Rc8  1/2-1/2

[Event "BL2-W9899"]
[Site "Germany"]
[Date "1999.02.21"]
[Round "6.4"]
[White "Schulz, Klaus Juergen"]
[Black "Kotter, Ralf"]
[Result "1-0"]
[WhiteElo "2400"]
[BlackElo "2315"]

1.d4 Nf6 2.Nf3 e6 3.c4 b6 4.g3 Ba6 5.b3 Bb4+ 6.Nbd2 d5 7.Bg2 O-O 8.O-O Bb7
9.Bb2 a5 10.Rc1 Bd6 11.c5 bxc5 12.dxc5 Be7 13.Ne5 c6 14.a3 Nfd7 15.Nd3 Bf6
16.Qc2 Ba6 17.Nf3 Bxd3 18.exd3 Na6 19.d4 Qc7 20.Rfe1 Rfe8 21.Bf1 g6 22.Bc3 Qb7
23.Bxa5 Naxc5 24.Bb4 Na6 25.Bd6 Rec8 26.b4 Bg7 27.h4 Nab8 28.b5 c5 29.dxc5 Nxc5
30.Ne5 Bxe5 31.Bxe5 Nbd7 32.Bd4 Ne4 33.Qd3 e5 34.Be3 Ndc5 35.Qb1 d4 36.Bh6 Nc3
37.Qb2 Qd5 38.Bg2 e4 39.Rxc3 dxc3 40.Qxc3 Ne6 41.Qf6 Qf5 42.Qb2 Qc5 43.Bxe4 Rxa3
44.Kg2 Rc3 45.b6 Rb8 46.b7 Qd4 47.Re3 Rc7 48.Qxd4 Nxd4 49.Bf4 Ne6 50.Bxc7 Nxc7
51.Rc3 Na6 52.Rc6 Rxb7 53.Rc8+  1-0

[Event "BL2-N9899"]
[Site "Germany"]
[Date "1999.02.21"]
[Round "6.4"]
[White "Heuer, Thomas"]
[Black "Meier, Volker"]
[Result "1-0"]
[WhiteElo "2280"]
[BlackElo "2335"]

1.d4 Nf6 2.Nf3 e6 3.c4 b6 4.g3 Ba6 5.b3 b5 6.cxb5 Bxb5 7.Bg2 Bc6 8.O-O Be7
9.Nc3 O-O 10.Qc2 Bxf3 11.Bxf3 d5 12.Na4 Nfd7 13.Bb2 Qc8 14.Rac1 c6 15.Bg2 Qb7
16.e4 a5 17.Kh1 Ra7 18.f4 Nf6 19.e5 Ng4 20.Qe2 Nh6 21.g4 Qc8 22.Rc3 Rc7 23.Rg3 g6
24.Bc1 f5 25.exf6 Bxf6 26.g5 Nf5 27.gxf6 Nxg3+ 28.hxg3 Rxf6 29.Bd2 Ra7 30.Qe1 Qc7
31.Rf3 Nd7 32.Re3 Kf7 33.Bh3 Nf8 34.Nc5 a4 35.Bxe6+ Nxe6 36.Nxe6 Qc8 37.Ng5+ Kf8
38.Bb4+ Kg7 39.Re7+ Rf7 40.Qe5+  1-0

[Event "BL2-N9899"]
[Site "Germany"]
[Date "1999.03.07"]
[Round "7.3"]
[White "Von Herman, Ulf"]
[Black "Meier, Volker"]
[Result "1-0"]
[WhiteElo "2380"]
[BlackElo "2335"]

1.d4 Nf6 2.c4 e6 3.Nf3 b6 4.g3 Ba6 5.Nbd2 c5 6.e4 cxd4 7.e5 Ng8 8.Bg2 Bb7
9.O-O d6 10.exd6 Bxd6 11.Nxd4 Bxg2 12.Kxg2 Nf6 13.Qf3 Nbd7 14.Nc6 Qc7 15.Nd4 Qc8
16.Nb5 Be5 17.b3 a6 18.Nc3 O-O 19.Ba3 Rd8 20.Rad1 Nc5 21.Nde4 Ncxe4 22.Nxe4 Qc7
23.Nxf6+ Bxf6 24.Bd6 Qc8 25.Rd3 Ra7 26.Rfd1 Rad7 27.Qe4 g5 28.g4 Qa8 29.Kf3 Qxe4+
30.Kxe4 Rc8 31.f3 Rb7 32.Be5 Bxe5 33.Kxe5 Kg7 34.Rd7 Rc5+ 35.Ke4 Rxd7 36.Rxd7 Rc6
37.Ke5 Kg6 38.Rd6 Rc5+ 39.Kd4 Ra5 40.a4 b5 41.axb5 axb5 42.c5 Ra2 43.Kc3 Kf6
44.h3 Ke7 45.Rd3 f5 46.Kb4  1-0

[Event "Alushta"]
[Site "Alushta"]
[Date "1999.03.08"]
[Round "6"]
[White "Atalik, Suat"]
[Black "Nosenko, Alexander"]
[Result "1/2-1/2"]
[WhiteElo "2593"]
[BlackElo "2433"]

1.d4 Nf6 2.c4 e6 3.Nf3 b6 4.g3 Ba6 5.b3 d5 6.cxd5 exd5 7.Bg2 Bb4+ 8.Bd2 Bd6
9.Nc3 O-O 10.O-O Nbd7 11.Rc1 Re8 12.Re1 c5 13.Bf4 Bf8 14.Ne5 Bb7 15.e3 h6
16.g4 Rc8 17.h3 Nxe5 18.Bxe5 Ne4 19.Nxe4  1/2-1/2

[Event "Bled op"]
[Site "Bled"]
[Date "1999.03.20"]
[Round "1"]
[White "Kragelj, Igor"]
[Black "Grosar, Aljosa"]
[Result "0-1"]
[WhiteElo "2225"]
[BlackElo "2450"]

1.d4 Nf6 2.c4 e6 3.Nf3 b6 4.g3 Ba6 5.b3 Bb7 6.Bg2 Bb4+ 7.Bd2 a5 8.O-O O-O
9.Nc3 d5 10.Ne5 Ne4 11.Qc2 Nxd2 12.Qxd2 c6 13.a3 Be7 14.e4 dxe4 15.Nxe4 Nd7
16.Rfd1 Qc7 17.Nf3 Rfd8 18.Qe1 c5 19.dxc5 Nxc5 20.Nxc5 bxc5 21.Rxd8+ Rxd8
22.Rd1 Bf6 23.Qe2 Rb8 24.Qc2 h6 25.Ne1 Bxg2 26.Nxg2 Qb7 27.Rd3 a4 28.bxa4 Qb1+
29.Qd1 Qxd1+ 30.Rxd1 Rb3 31.Ne1 Rxa3 32.Nd3 Bd4  0-1

[Event "BL2-W9899"]
[Site "Germany"]
[Date "1999.03.21"]
[Round "8.3"]
[White "Lingnau, Carsten"]
[Black "Van den Doel, Erik"]
[Result "1/2-1/2"]
[WhiteElo "2383"]
[BlackElo "2547"]

1.d4 Nf6 2.Nf3 e6 3.c4 b6 4.g3 Ba6 5.b3 Bb4+ 6.Bd2 Be7 7.Bg2 c6 8.Bc3 d5
9.Ne5 Nfd7 10.Nxd7 Nxd7 11.Nd2 O-O 12.O-O Nf6 13.e4 b5 14.Re1 dxe4 15.Qc2 Rc8
16.Rad1 Nd5 17.Bxe4 Nxc3 18.Qxc3 Bf6 19.Qc2 g6 20.Nf3 bxc4 21.bxc4 Qa5 22.Re3 Rfd8
23.Red3 Qb4 24.Rc1 Bg7 25.Ne5 Bxe5 26.dxe5 Rxd3 27.Bxd3 Rd8 28.Rd1 Kg7 29.Bf1 Rxd1
30.Qxd1 c5 31.Qd8 Bxc4 32.Qf6+ Kg8 33.Qd8+ Kg7  1/2-1/2

[Event "Novgorod op"]
[Site "Novgorod"]
[Date "1999.03.26"]
[Round "8"]
[White "Pavlov, Aleksandr"]
[Black "Sambuev, Bator"]
[Result "0-1"]
[WhiteElo "2308"]
[BlackElo "2409"]

1.d4 e6 2.c4 Nf6 3.Nf3 b6 4.g3 Ba6 5.b3 b5 6.Bg2 bxc4 7.Ne5 Bb4+ 8.Bd2 cxb3
9.Bxb4 b2 10.Nc3 bxa1=Q 11.Qxa1 d5 12.O-O Nfd7 13.Na4 Bb5 14.Nc3 Ba6 15.Rd1 Bb7
16.e4 Nxe5 17.dxe5 d4 18.Nb5 Nc6 19.Bc5 Qd7 20.Qb2 Ba6 21.Bf1 Rb8 22.a4 f6
23.exf6 gxf6 24.Qa2 Kf7 25.f4 Kg7 26.Bc4 Rhe8 27.e5 fxe5 28.Qe2 Kh8 29.Rd3 Bb7
30.fxe5 a6 31.Nc3 Na5 32.Rxd4 Qc6 33.Ne4 Nxc4 34.Rxc4 Ba8 35.Kg2 Qd5 36.Kh3 Rb2
37.Qh5 Qd7 38.Nf6 Rxh2+ 39.Kxh2 Qd2+ 40.Kh3 Qg2+ 41.Kh4 Qh2+ 42.Kg5 Qxg3+
43.Ng4 Rg8+ 44.Kh6 Qd3  0-1

[Event "Novgorod op"]
[Site "Novgorod"]
[Date "1999.03.27"]
[Round "9"]
[White "Pavlov, Aleksandr"]
[Black "Chepukaitis, Genrikh"]
[Result "0-1"]
[WhiteElo "2308"]
[BlackElo "2415"]

1.d4 Nf6 2.c4 e6 3.Nf3 b6 4.g3 Ba6 5.b3 d5 6.Bg2 Nbd7 7.O-O dxc4 8.Ne5 Nxe5
9.Bxa8 Qxa8 10.dxe5 Nd7 11.Bb2 Qc6 12.Nd2 Bb7 13.Nf3 cxb3 14.axb3 a5 15.Rc1 Nc5
16.Rc4 Be7 17.Qc2 O-O 18.Rd1 Rd8 19.Ba3 Rxd1+ 20.Qxd1 h6 21.h4 Qe8 22.Bc1 Bd5
23.Rc3 Qb5 24.Nd2 Qb4 25.Qc2 f5 26.f3 Qd4+ 27.e3 Qxe5 28.Kf2 Bd6 29.Nf1 Qf6
30.Bb2 Qf7 31.Nd2 Qh5 32.e4 fxe4 33.fxe4 Bb7 34.Rf3 Qg4 35.Qc4 Bxe4 36.Nxe4 Nxe4+
37.Kg2  0-1

[Event "Czerniak mem 15th"]
[Site "Tel Aviv"]
[Date "1999.03.29"]
[Round "2"]
[White "Blees, Albert"]
[Black "Gershon, Alik"]
[Result "0-1"]
[WhiteElo "2431"]
[BlackElo "2467"]

1.d4 Nf6 2.c4 e6 3.Nf3 b6 4.g3 Ba6 5.Qa4 Bb7 6.Bg2 c5 7.dxc5 Bxc5 8.O-O O-O
9.Nc3 Be7 10.Bf4 Na6 11.Rfd1 Qc8 12.Rac1 Nc5 13.Qc2 Nce4 14.Nxe4 Bxe4 15.Qa4 Qb7
16.Bd6 Bxd6 17.Rxd6 Rfc8 18.Rcd1 Qc7 19.Qb4 Rab8 20.b3 a5 21.Qa3 b5 22.cxb5 Rxb5
23.Nd2 Bxg2 24.Kxg2 Qc2 25.Nc4 Rh5 26.R6d4 e5 27.R4d2 Qf5 28.h4 Ne4 29.f3 Nxd2
30.Rxd2 e4 31.Qe7 exf3+ 32.exf3 Rf8 33.Rxd7 h6 34.g4 Qg6 35.Rd6 f6 36.Rd2 Rxh4
37.Qe6+ Kh7 38.Ne3 Re8 39.Qb6 Qg5 40.Rd3 Qf4 41.Kf2 Rh3  0-1

[Event "IND-ch"]
[Site "Nagpur"]
[Date "1999.03.31"]
[Round "9"]
[White "Suvrajit, Saha"]
[Black "Ravi, Thandalam Shanmugam"]
[Result "1/2-1/2"]
[WhiteElo "2335"]
[BlackElo "2336"]

1.d4 Nf6 2.c4 e6 3.Nf3 b6 4.g3 Ba6 5.Nbd2 c5 6.Bg2 Bb7 7.e4 cxd4 8.O-O d6
9.Nxd4 a6 10.Re1 Qc7 11.a4 Nc6 12.Nxc6 Bxc6 13.a5 b5 14.cxb5 axb5 15.b4 Be7
16.Bb2 Qb7 17.Rc1 Rc8 18.Nb3 e5 19.f4 Nd7 20.Nd2 O-O 21.Qb3 Kh8 22.Bf3 Bf6
23.Nb1 exf4 24.gxf4 Bxb2 25.Qxb2 f5 26.Qd4 fxe4 27.Bxe4 Bxe4 28.Rxc8 Rxc8
29.Qxe4 Qxe4 30.Rxe4 Nf6 31.Re1 Nd5 32.Na3 Nxb4 33.Nxb5 d5 34.Nd6 Ra8 35.Re8+ Rxe8
36.Nxe8 Na6 37.Kf2 Kg8 38.Nd6 Kf8 39.Ke3 Ke7 40.Nf5+ Kf6 41.Ng3 g6 42.Ne2 Nc5
43.Nd4 g5 44.fxg5+ Kxg5 45.Kd2 Kf4 46.Kc3 Ke4 47.Nc6 Na6 48.h4 h5 49.Nd4 Kf4
50.Ne6+ Kg4 51.Kd4 Kxh4  1/2-1/2

[Event "IND-ch"]
[Site "Nagpur"]
[Date "1999.04.03"]
[Round "12"]
[White "Deshmukh, Anup"]
[Black "Bakre, Tejas"]
[Result "1-0"]
[WhiteElo "2430"]
[BlackElo "2333"]

1.d4 Nf6 2.c4 e6 3.Nf3 b6 4.g3 Ba6 5.b3 d5 6.Bg2 Bb4+ 7.Bd2 Bd6 8.O-O c6
9.Nc3 dxc4 10.bxc4 Bxc4 11.Ne5 Bxe5 12.dxe5 Nfd7 13.Ne4 O-O 14.Bg5 f6 15.exf6 Nxf6
16.Qc2 b5 17.Rfd1 Qb6 18.Bxf6 gxf6 19.Nd6 Qc5 20.a4 Na6 21.axb5 Bxb5 22.Qxc5 Nxc5
23.Nxb5 cxb5 24.Bxa8 Rxa8 25.Rdb1 Rb8 26.Rxa7 Ne4 27.Rb4 f5 28.f3 Nc3 29.Kf2 Nd5
30.Rh4 b4 31.Rhxh7 Rc8 32.Rag7+ Kf8 33.Rb7 Kg8 34.Rhd7 Ra8 35.h4  1-0

[Event "Czerniak mem 15th"]
[Site "Tel Aviv"]
[Date "1999.04.03"]
[Round "4"]
[White "Botvinnik, Mikhail2"]
[Black "Gershon, Alik"]
[Result "0-1"]
[WhiteElo "2239"]
[BlackElo "2467"]

1.d4 Nf6 2.c4 e6 3.Nf3 b6 4.g3 Ba6 5.b3 b5 6.cxb5 Bxb5 7.Bg2 d5 8.O-O Nbd7
9.Ba3 c5 10.Nc3 Ba6 11.Na4 Qa5 12.Rc1 Bb5 13.Bxc5 Nxc5 14.dxc5 Bxa4 15.bxa4 Bxc5
16.Qb3 Qb6 17.Qb5+ Nd7 18.Rb1 Qd6 19.Qd3 O-O 20.e4 dxe4 21.Qxe4 Nf6 22.Qe5 Rad8
23.Rb5 Ba3 24.Rb7 Qa6 25.Qb5 Qxb5 26.axb5 Bc5 27.Rc7 Ne4 28.Ne5 Bb6 29.Rc2 Nc5
30.Rfc1 Nd3 31.Nxd3 Rxd3 32.Be4 Rd4 33.Bf3 g6 34.Kg2 Rfd8 35.Rc8 Rxc8 36.Rxc8+ Kg7
37.Rc2 f5 38.Bc6 e5 39.Re2 Kf6 40.Rc2 g5 41.Re2 h5 42.Bb7 g4 43.h3 Rd7 44.Bc6 Rd1
45.f3 gxf3+ 46.Kxf3 Rg1 47.g4 hxg4+ 48.hxg4 Rxg4 49.Rh2 Ra4 50.Rd2 Ra3+ 51.Kg2 Kg5
52.Bd5 e4 53.Bb3 f4 54.Rd7 Kf5 55.Rd5+ Kg4 56.Rd7 f3+ 57.Kf1 e3 58.Rg7+ Kh4
59.Rh7+ Kg5 60.Re7 e2+  0-1

[Event "Dreifluesse op 7th"]
[Site "Passau"]
[Date "1999.04.05"]
[Round "7"]
[White "Kempinski, Robert"]
[Black "Lau, Ralf"]
[Result "1/2-1/2"]
[WhiteElo "2533"]
[BlackElo "2453"]

1.d4 Nf6 2.c4 e6 3.Nf3 b6 4.g3 Ba6 5.Nbd2 Bb7 6.Bg2 Be7 7.O-O O-O 8.b3 Na6
9.Bb2 d5 10.cxd5 exd5 11.Rc1 h6 12.Ne5 c5 13.Ndc4 Rc8 14.Ne3 Re8 15.Nf5 Bf8
16.Qd2 Rc7 17.Qf4 Kh7 18.Ne3 Bd6 19.dxc5 bxc5 20.Qf5+ Kg8 21.N5g4 Nxg4 22.Qxg4 Bf8
23.Rcd1 d4 24.Bxb7 Rxb7 25.Nc4 Nb4 26.e3 Qc8 27.Qf3 dxe3 28.fxe3 Qc6 29.Qxc6 Nxc6
30.Bc3 Rd8 31.Rxd8 Nxd8 32.Rd1 Nc6 33.Rd2 g6 34.Rd5 f5 35.Rd2 Be7 36.Kf2 Rc7
37.Kf3 Kf7 38.h3 Ke6 39.Rd1 h5 40.e4 fxe4+ 41.Kxe4 Rc8 42.Rd5 Rf8 43.Ne5 Nxe5
44.Rxe5+ Kd7 45.b4 Bd6 46.Rg5 cxb4 47.Bd4 Re8+ 48.Kd3 Rg8 49.g4 hxg4 50.hxg4 a6  1/2-1/2

[Event "Mitropa Cup"]
[Site "Baden"]
[Date "1999.04.07"]
[Round "6"]
[White "Balogh, Tomas"]
[Black "Sax, Gyula"]
[Result "0-1"]
[WhiteElo "2435"]
[BlackElo "2524"]

1.d4 Nf6 2.Nf3 e6 3.c4 b6 4.g3 Ba6 5.b3 d5 6.Bg2 dxc4 7.bxc4 Bxc4 8.Nc3 c6
9.O-O Bb4 10.Bb2 Bxc3 11.Bxc3 Bd5 12.a4 O-O 13.Rc1 Nbd7 14.Bb4 Re8 15.Qd3 Be4
16.Qa3 a5 17.Bd6 b5 18.axb5 cxb5 19.Bc7 Qc8 20.Bxa5 Qb7 21.Ra1 Nd5 22.Nh4 b4
23.Qa4 Bxg2 24.Nxg2 Reb8 25.Nf4 Nxf4 26.gxf4 b3 27.Rfb1 b2 28.Ra2 Qb3  0-1

[Event "Baden Casino op"]
[Site "Baden"]
[Date "1999.04.07"]
[Round "6"]
[White "Nemet, Ivan"]
[Black "Jurek, Josef"]
[Result "1-0"]
[WhiteElo "2422"]
[BlackElo "2362"]

1.d4 Nf6 2.Nf3 e6 3.c4 b6 4.g3 Ba6 5.Nbd2 d5 6.Bg2 Be7 7.O-O O-O 8.b3 Bb7
9.Bb2 Nbd7 10.Ne5 Nxe5 11.dxe5 Nd7 12.Qc2 Re8 13.Rad1 c6 14.e4 Rc8 15.f4 Qc7
16.Kh1 Qb8 17.h4 Nc5 18.f5 dxe4 19.f6 Bf8 20.fxg7 Bxg7 21.b4 Nd3 22.Nxe4 Nxe5
23.Nd6 Re7 24.c5 Rf8 25.Qe2 f6 26.Bxe5 fxe5 27.Rxf8+ Kxf8 28.Rf1+ Kg8 29.Be4 bxc5
30.bxc5 Qc7 31.Qh5 Bh8 32.Qh6 Qd8 33.Bxh7+  1-0